| 000 | 00386nam a22001577a 4500 | ||
|---|---|---|---|
| 003 | SGT | ||
| 020 | _a81-239-1030-4 | ||
| 082 |
_a620.112 _bTIM |
||
| 100 | _aTIMOSHENKO,STEPHEN | ||
| 245 | _aSTRENGTH OF MATERIALS :ADVANCED THEORY AND PROBLEMS.PART-1 | ||
| 250 | _a3RD | ||
| 260 |
_aNEW DELHI _bCBS PUBLISHERS _c2002 |
||
| 300 | _a441 | ||
| 650 | _aCIVIL ENGINEERING | ||
| 942 |
_2ddc _cBK |
||
| 999 |
_c14547 _d14547 |
||